England in the twentieth century, 1914-63 (The Pelican history of England) / (Record no. 616964)
[ view plain ]
| 000 -LEADER | |
|---|---|
| fixed length control field | 00401nam a22001337a 4500 |
| 020 ## - INTERNATIONAL STANDARD BOOK NUMBER | |
| Qualifying information | PB. |
| 040 ## - CATALOGING SOURCE | |
| Transcribing agency | FIZZA ISHAQ |
| 082 ## - DEWEY DECIMAL CLASSIFICATION NUMBER | |
| Classification number | 941.082 |
| Author Mark | THO |
| 100 ## - MAIN ENTRY--PERSONAL NAME | |
| Personal name | Thomson , David. |
| 9 (RLIN) | 105432 |
| 245 ## - TITLE STATEMENT | |
| Title | England in the twentieth century, 1914-63 (The Pelican history of England) / |
| Statement of responsibility, etc. | David Thomson. |
| 260 ## - PUBLICATION, DISTRIBUTION, ETC. | |
| Place of publication, distribution, etc. | New York: |
| Name of publisher, distributor, etc. | Penguin Books, |
| Date of publication, distribution, etc. | 1965. |
| 300 ## - PHYSICAL DESCRIPTION | |
| Extent | 304 P. ; |
| Dimensions | 7 x 1 x 5 inches |
| 942 ## - ADDED ENTRY ELEMENTS (KOHA) | |
| Source of classification or shelving scheme | |
| Koha item type | Book |
| Withdrawn status | Lost status | Source of classification or shelving scheme | Damaged status | Not for loan | Permanent Location | Current Location | Shelving location | Date acquired | Total Checkouts | Full call number | Barcode | Date last seen | Price effective from | Koha item type |
|---|---|---|---|---|---|---|---|---|---|---|---|---|---|---|
| NUST Baluchistan Campus (NBC) | NUST Baluchistan Campus (NBC) | General Stacks | 04/10/2026 | 941.082 THO | QD-341 | 04/10/2026 | 04/10/2026 | Book |
